000 00294nam a22001097a 4500
041 _aeng
080 _a80
100 _aФедоришин, О.П.
245 _aАнглійська мова. Практикум з наук-техн. перекладу.
650 _aTranslation
999 _c281194
_d281194
942 _cBK